000 00926nam a2200289 i 4500
003 EG-GICUC
005 20260224210650.0
008 260224s1968 sz ||||fr|||| 00| 0 fre d
040 _aEG-GiCUC
_bfre
_cEG-GiCUC
_dEG-GiCUC
_erda
082 0 4 _221
_a341
_bFO . M
092 0 4 _221
099 _aLaw1 11 341 FO . M 1968
100 1 _aFord, D W. J
_eAuteur
245 1 4 _aLes Membres Des Mouvements De Résistance Et Le Droit International /
_n
_cD W. J. Ford.
_b
264 0 _aGenève :
_bRevue Internationale De La Croix-rouge,
_c1968.
300 _a51pages :
_billustrations,
_c24 cm
336 _2rda content
_atext
337 _2rda media
_aComputer
338 _2rda carrier
_aOnline Resource
504 _a
546 _aTexte en français
650 1 4 _aDroit international public
_2
651 1 _2
856 4 0 _uhttps://fll.law.cu.edu.eg/fulltext/bks/B11-07999.pdf
905 _a50
942 _2ddc
_cBK
_e21
_n0
999 _c64124
_d64124